Welcome to the Holygrace Academy Library

Please use search bar below to get started

KING SOLOMON'S MINES (Record no. 2785)

MARC details
000 -LEADER
fixed length control field 00414nam a22001577a 4500
020 ## - INTERNATIONAL STANDARD BOOK NUMBER
ISBN 0195607708
082 ## - DEWEY DECIMAL CLASSIFICATION NUMBER
Classification number 823
Item number HAG/K
100 ## - MAIN ENTRY--AUTHOR NAME
Personal name HAGGARD, H.RIDER
245 ## - TITLE STATEMENT
Title KING SOLOMON'S MINES
Remainder of title SUN BIRD READERS GRADE 3
246 ## - VARYING FORM OF TITLE
Title proper/short title KING SOLOMON'S MINES
Remainder of title SUN BIRD READERS GRADE 3
260 ## - PUBLICATION, DISTRIBUTION, ETC. (IMPRINT)
Place of publication INDIA
Name of publisher OXFORD UNIVERISITY PRESS
Year of publication 2004
300 ## - PHYSICAL DESCRIPTION
Number of Pages 84
520 ## - SUMMARY, ETC.
Summary, etc SHORT STORY
650 ## - SUBJECT ADDED ENTRY--TOPICAL TERM
Topical Term SHORT STORY
942 ## - ADDED ENTRY ELEMENTS (KOHA)
Koha item type Books
Holdings
Withdrawn status Lost status Collection code Home library Current library Shelving location Date acquired Source of acquisition Cost, normal purchase price Full call number Accession Number Koha item type
    Fiction Main Library Main Library SHELF 4-E RCHIE & ILLUSTRATED CLASSICS 10/12/2012 Purchase 52.00 823 HAG/K 04793 Books